Formularios de contratos

Guardat en:
Dades bibliogràfiques
Autor principal: Barros Aldunate, Diego (Autor)
Altres autors: Parga Gazitua, José (autor)
Format: Llibre
Idioma:espanyol
Publicat: Santiago Forense 1996
Edició:2a. ed
Matèries:
Etiquetes: Afegir etiqueta
Sense etiquetes, Sigues el primer a etiquetar aquest registre!

MARC

LEADER 00000nam a2200000 a 4500
001 UCU1730
003 CL-VaPUC
008 960412e19960000CL |||||||||||||||||spa|d
082 0 4 |a 347.055  |b BAR  |2 21 
100 0 |a Barros Aldunate, Diego  |e author  |9 357438 
700 |a Parga Gazitua, José  |e autor  |9 748666 
245 1 0 |a Formularios de contratos 
250 |a 2a. ed 
300 |a v 
942 |c BK 
945 |d 19960412 00:00:00  |a rleighto 
260 |a Santiago  |b Forense  |c 1996 
650 0 |a Contratos  |9 255153 
650 7 |a FORMULARIOS  |2 CL-VaPUC  |9 357440 
650 7 |a FORMULARIOS JUDICIALES  |2 CL-VaPUC  |9 258079 
583 |a last modification  |c 20160316 09:42:07  |k Rodrigo Vera 
999 |c 246251  |d 246249 
952 |0 0  |1 0  |4 0  |6 347_055000000000000_BAR_1996  |7 0  |8 F  |9 261058  |a BIBDER  |b BIBDER  |d 2019-11-19  |h v.1  |i 319101K  |o 347.055 BAR 1996  |p 319101K  |r 2023-01-25  |w 2019-11-19  |y BK_F  |k DER 
952 |0 0  |1 0  |4 0  |6 347_055000000000000_BAR_1996  |7 0  |8 F  |9 261059  |a BIBDER  |b BIBDER  |d 2019-11-19  |h v.2  |i 3191028  |o 347.055 BAR 1996  |p 3191028  |r 2023-01-25  |w 2019-11-19  |y BK_F  |k DER 
952 |0 0  |1 0  |4 0  |6 347_055000000000000_BAR_1996  |7 0  |8 F  |9 261060  |a BIBDER  |b BIBDER  |d 2019-11-19  |h v.3  |i 3191036  |o 347.055 BAR 1996  |p 3191036  |r 2023-01-25  |w 2019-11-19  |y BK_F  |k DER 
952 |0 0  |1 0  |4 0  |6 347_055000000000000_BAR_1996  |7 0  |8 F  |9 261061  |a BIBDER  |b BIBDER  |d 2019-11-19  |h v.4  |i 3191044  |o 347.055 BAR 1996  |p 3191044  |r 2023-01-25  |w 2019-11-19  |y BK_F  |k DER 
952 |0 0  |1 0  |4 0  |6 347_055000000000000_BAR_1996  |7 0  |8 F  |9 261062  |a BIBDER  |b BIBDER  |d 2019-11-19  |h v.5  |i 3191052  |o 347.055 BAR 1996  |p 3191052  |r 2023-01-25  |w 2019-11-19  |y BK_F  |k DER